Postavenie a miesto polície v spoločnosti a v štáte v aktuálnom právno-interdisciplinárnom kontexte

Polícia ako tzv. silový bezpečnostný element štátneho mechanizmu. Náčrt postavenia a miesta polície v spoločnosti, respektíve v štáte. Charakteristika polície ako inštitúcie i špecifickej činnosti, vychádzajúc z historických koreňov vzniku a uskutočňovania policajnej činnosti. Pojem policajná politi...

Descrizione completa

Salvato in:
Dettagli Bibliografici
Autore principale: Králiková, Kristína
Natura: Capitolo di libro
Lingua:slovacco
Soggetti:
Tags: Aggiungi Tag
Nessun Tag, puoi essere il primo ad aggiungerne!!

MARC

LEADER 00000naa a2200000 4500
001 0272570
005 20210315092656.4
041 0 |a slo 
044 |a SK 
245 1 0 |a Postavenie a miesto polície v spoločnosti a v štáte v aktuálnom právno-interdisciplinárnom kontexte  |c Kristína Králiková 
520 |a Polícia ako tzv. silový bezpečnostný element štátneho mechanizmu. Náčrt postavenia a miesta polície v spoločnosti, respektíve v štáte. Charakteristika polície ako inštitúcie i špecifickej činnosti, vychádzajúc z historických koreňov vzniku a uskutočňovania policajnej činnosti. Pojem policajná politika. Právne aspekty policajnej činnosti. 
610 2 0 |a polícia 
610 2 0 |a spoločnosť 
610 2 0 |a zákony 
610 2 0 |a politika 
610 2 0 |a kontrola 
100 1 |a Králiková, Kristína